000 00696nam a2200229Ia 4500
001 3267
003 GE_BSU
008 181216s||||||||xx |||||||||||||| ||und||
040 _cGE_BSU
080 _a517(075.8)
100 _aБерман,Г.Н.
245 _aСборник задач по общему курсу математического анализа
245 _bУчебник
245 _cРед.А.Ф.Лапко
260 _aМосква
260 _bНаука
260 _c1975
300 _a439стр.22см.
300 _eТаблицы
653 _aСборник задач по общему курсу математического анализа
942 _cBK
999 _c37308
_d37308